000 01040nam a22002897a 4500
003 AR-BeUNQ
005 20220606144444.0
008 220606b |||||||| |||| 00| 0 spa d
020 _a9789500009980
040 _aAR-BeUNQ
_cAR-BeUNQ
_eaacr
041 _dspa
082 _221
_a371
_b59470
100 0 1 _aAdamoli, María Celeste.
_caut.
_d1976
245 _aPensar la Democracia :
_bTreinta ejercicios para trabajar en el aula.
_cMaria Celester Adamoli
_hlibro
250 _a1a.ed.
260 _aBuenos Aires :
_bMinisterio de Educación de la Nación,
_c2013
300 0 3 _a172 p.
_bil. ;
_c28cm
_ePropuestas para trabajar en el aula.
500 _aPropuestas para trabajar en el aula. Resúmenes ejercicios.
504 _aBibliografia sugerida.
648 _a[1983-2010]
_2spines
650 _aEnseñanza Secundaria
_2unescot
651 _aArgentina
_2tell
700 _aFlachsland, Cecilia
_d1976
_ecoaut.
700 0 3 _aRosemberg, Violeta
_d1976
929 _aDONACION
_bMinisterio de Educación de la Nación
_j59470
942 _cLIB
999 _c251
_d251